| 000 | 01615cam a22004694i 4500 | ||
|---|---|---|---|
| 003 | PE-LiUPU | ||
| 005 | 20250731173505.0 | ||
| 008 | 150616s1994 miu r 000 0 spa d | ||
| 020 | _a0802807887 | ||
| 035 | _a(Sirsi) i9780802807885 | ||
| 040 |
_aPE-LiUPU _bspa _cPE-LiUPU _erda |
||
| 049 | _aPRUA | ||
| 082 | 0 | 4 |
_a221.44 _bW98 _221 |
| 100 | 1 |
_aWürthwein, Ernst, _eautor. |
|
| 245 | 1 | 4 |
_aThe Text of the Old Testament / _cErnst Würthwein. |
| 264 | 1 |
_aGrand Rapids, Michigan : _bW.B. Eerdmans Publishing Company, _c1994. |
|
| 300 |
_a293 páginas : _bIlustraciones ; _c22 centímetros |
||
| 336 |
_atext _2rdacontent |
||
| 337 |
_aunmediated _2rdamedia |
||
| 338 |
_avolume _2rdacarrier |
||
| 505 | 0 | _aCrítica textual -- Manuscritos -- Versiones. | |
| 526 | _aSEG42 | ||
| 526 | _aSEG41 | ||
| 526 | _aSEG40 | ||
| 526 | _aSEG39 | ||
| 526 | _aP94 | ||
| 526 | _aP87 | ||
| 526 | _aP86 | ||
| 526 | _aP85 | ||
| 526 | _aP77 | ||
| 526 | _aP76 | ||
| 526 | _aP35 | ||
| 630 |
_aBiblia. _pA.T. _xCrítica textual. |
||
| 630 |
_aBiblia. _pA.T. _xManuscritos. |
||
| 910 |
_ajck _bjvq _cjck |
||
| 942 |
_2ddc _cBOOK |
||
| 949 |
_a221.44 W98 _wDEWEY _c1 _i40454 _d2017-1-2 _e2017-1-2 _kCHECKEDOUT _lCCODEBUL1 _mBUL _n1 _rM _sY _tBOOK _u2015-6-16 _xTEOLOGIA _zUNKNOWN _0COMPRA _o.STAFF. Colección Teología |
||
| 994 |
_aC0 _bPEPRU |
||
| 596 | _a1 | ||
| 999 |
_a221.44 W98 _wDEWEY _c58248 _i40454 _d58248 _e2019-10-27 _f2021-11-9 _g5 _lCCODEBUL1 _mBUL _n2 _p30.00 _q1 _r0 _sY _tBOOK _u2015-6-16 _xTEOLOGIA _PP35 _0COMPRA _o.STAFF. Colección Teología |
||
| 980 |
_81 _gALBERTO SANCHEZ Responsable de Automatización |
||